LEADER 01334nam a2200325 a 4500 001 000000128626 003 CaOOAMICUS 005 20150529114751.0 008 120427s2011 it u000 u ita r 020 $a978-88-6129-730-2 040 $aPUL$bita 082 04$a261.1 245 00$aLibertą e laicitą /$ca cura di Mario Signore e Luca Cucurachi. 260 $aPadova :$bCLEUP,$c©2011. 300 $a368 p.$c19 cm 650 4$aLaici.$0(OLS)http://pul/subject/212 650 4$aLibertą religiosa.$0(OLS)http://pul/subject/762 700 1 $aSignore, Mario.$0(OLS)http://pul/name/58327 700 1 $aCucurachi, Luca.$0(OLS)http://pul/name/82209 850 $aPUL 852 $aPUL$W1$xDP1 Fondo S. Lanza$y121$m2 A 8$j114970$qFondi$B166155$CPULBib$Z2$F166155 $HLAN2335 $82 852 $aPUL$W1$xDP2 Religione 3$y114$m261. 1 SIGMA 1$j148986$qDDC 21$B147500$CPULBib$Z2$F147500 $H119225 $82 941 1 $a1 941 1 $a9 960 $aLibertą di culto$xConvenzioni internazionali $9762 996 $6020$a978-88-6129-730-2$9(OLS)http://pul/number/149557 996 $6082$a261.1$9(OLS)http://pul/classification/2061 996 $6245$aLibertą e laicitą$9(OLS)http://pul/title/162549 996 $6260$aPadova :$bCLEUP$9(OLS)http://pul/publisher/63995 LEADER 01493nam a2200337 a 4500 001 000000175798 003 CaOOAMICUS 005 20230221132221.0 008 230221s2022 be b u000 u ita r 020 $a978-2-503-58864-3* 032 $aLibriCat 040 $aPUL$bita 082 04$a189 245 03$aLa triade dell'Essere :$bessenza, potenza, atto nel pensiero tardo-antico, medievale e rinascimentale /$ca cura di Renato de Filippis ed Ernesto Sergio Mainoldi. 260 $aTurnhout :$bBrepols,$c©2022. 300 $a650 p. :$bill. ;$c24 cm 490 1 $aNutrix ;$v13 504 $aBibliografia in nota. 650 4$aAristotelismo$xStoria.$0(OLS)http://pul/subject/16958 650 4$aFilosofia$xStudi.$0(OLS)http://pul/subject/37214 700 1 $aMainoldi, Ernesto Sergio.$0(OLS)http://pul/name/109507 700 1 $aDe Filippis, Renato.$0(OLS)http://pul/name/88844 830 0$aNutrix ;$v13.$0(OLS)http://pul/title/144161 850 $aPUL 852 $aPUL$W1$xSL Filosofia 3$y81$m189 COLL 2.13$j199960$qDDC 21$B204742$CPULBib$Z2$F204742 $H136116 $82 941 1 $a9 996 $6020$a978-2-503-58864-3*$9(OLS)http://pul/number/169064 996 $6082$a189$9(OLS)http://pul/classification/439 996 $6245$aLa triade dell'Essere :$bessenza, potenza, atto nel pensiero tardo-antico, medievale e rinascimentale$9(OLS)http://pul/title/217258 996 $6260$aTurnhout :$bBrepols$9(OLS)http://pul/publisher/47850